000 00401nam a2200181Ia 4500
005 20240823054213.0
008 240823s9999||||xx |||||||||||||| ||und||
020 _a978-93-84608-98-9
041 _aENGLISH
082 _A624.151 Q5
100 _aGanesaguru S
245 0 _aGeology
250 _a1st
260 _c2015
_bARS Publica
500 _aYES
650 _aGeology
_bCivil
942 _cBK
999 _c225913
_d225913